[Event "Schachbundesliga 2013/2014"]
[Site "?"]
[Date "2014.03.16"]
[Round "12.3"]
[White "Bulski, Krzysztof"]
[Black "Acs, Peter"]
[Result "0-1"]
[WhiteElo "2534"]
[BlackElo "2570"]
[PlyCount "202"]
[EventDate "2014.??.??"]
[WhiteClock "0:10:18"]
[BlackClock "0:21:20"]

1. d4 d5 2. c4 c6 3. Nc3 Nf6 4. Nf3 a6 5. c5 g6 6. Bf4 Bg7 7. h3 O-O 8. e3 Bf5
9. Be2 Be4 10. Nxe4 Nxe4 11. O-O Nd7 12. Rc1 Re8 13. Bd3 f5 14. Ne5 Bxe5 15.
Bxe5 Nxe5 16. dxe5 e6 17. f4 Qe7 18. Bxe4 dxe4 19. Qd6 Qh4 20. Rcd1 g5 21. Qc7
g4 22. Kh2 Kh8 23. Qf7 Rg8 24. Qf6+ Qxf6 25. exf6 g3+ 26. Kg1 Rgd8 27. Rd4 Kg8
28. Rfd1 Rd5 29. Rxd5 cxd5 30. Kf1 Kf7 31. Ke2 Kxf6 32. b4 Rc8 33. Rc1 e5 34.
fxe5+ Kxe5 35. a4 d4 36. exd4+ Kxd4 37. Rd1+ Ke5 38. Rd7 a5 39. Rxb7 axb4 40.
Rb5 Kd4 41. Rxb4+ Kxc5 42. Rb3 Kd4 43. Rxg3 Rc2+ 44. Kf1 Ra2 45. Rb3 Rxa4 46.
Rb2 f4 47. Ke2 Kc3 48. Rb7 Ra2+ 49. Kf1 Kd3 50. Rb3+ Kd2 51. Rb1 Rc2 52. Kf2
Rc1 53. Rb2+ Kd3 54. Rb3+ Rc3 55. Rb1 Rc2+ 56. Kf1 h5 57. Rd1+ Rd2 58. Ra1 h4
59. Ra3+ Kd4 60. Rb3 Rd3 61. Rb2 Rc3 62. Ke2 Re3+ 63. Kf2 Ra3 64. Ke2 Kc3 65.
Rd2 Ra1 66. Rd8 Ra2+ 67. Kf1 Rd2 68. Ra8 Kd4 69. Ra3 Rb2 70. Kg1 Rc2 71. Kf1
Rc3 72. Ra1 f3 73. gxf3 Rxf3+ 74. Ke2 Re3+ 75. Kf2 Rxh3 76. Ra4+ Ke5 77. Ra8
Rf3+ 78. Ke2 h3 79. Re8+ Kf4 80. Rf8+ Kg3 81. Rg8+ Kh2 82. Rg4 Rg3 83. Rf4 Rg2+
84. Kf1 Kg3 85. Rf8 Ra2 86. Rg8+ Kf3 87. Rf8+ Ke3 88. Kg1 Ra3 89. Kh2 Ke2 90.
Re8 e3 91. Kxh3 Kf2 92. Rf8+ Ke1 93. Kg2 e2 94. Rd8 Ra7 95. Rd6 Rg7+ 96. Kh2
Rg5 97. Rd8 Kf2 98. Rf8+ Ke3 99. Re8+ Kf3 100. Rf8+ Ke4 101. Re8+ Re5 0-1

[Event "Schachbundesliga 2013/2014"]
[Site "?"]
[Date "2014.03.16"]
[Round "12.4"]
[White "Braun, Arik"]
[Black "Grabarczyk, Miroslaw"]
[Result "0-1"]
[WhiteElo "2564"]
[BlackElo "2465"]
[PlyCount "86"]
[EventDate "2014.??.??"]
[WhiteClock "0:00:45"]
[BlackClock "0:09:10"]

1. d4 d5 2. c4 e6 3. Nc3 a6 4. cxd5 exd5 5. Nf3 c6 6. Qc2 Bd6 7. Bg5 Ne7 8.
O-O-O Be6 9. e3 Bf5 10. e4 dxe4 11. Nxe4 O-O 12. Bd3 Bxe4 13. Bxe4 h6 14. Bh4
Nd7 15. Rhe1 Re8 16. Ne5 Qc7 17. Bh7+ Kf8 18. Nxf7 Kxf7 19. Bxe7 Rxe7 20. Qb3+
Kf6 21. Kb1 g5 22. Rxe7 Bxe7 23. Bg8 Rf8 24. Re1 Bd6 25. h4 Kg7 26. Be6 gxh4
27. Qh3 Nf6 28. Qxh4 Re8 29. Qh3 Qa5 30. Rh1 Qg5 31. Bf5 Ne4 32. Bxe4 Rxe4 33.
a3 Rxd4 34. Re1 Be5 35. Qc8 Rd2 36. Qxb7+ Kg6 37. Qxc6+ Bf6 38. Ka1 Qb5 39.
Qe4+ Kg7 40. Qg4+ Kh8 41. Qc8+ Kh7 42. Qc7+ Bg7 43. Rb1 Rxb2 0-1

[Event "Schachbundesliga 2013/2014"]
[Site "?"]
[Date "2014.03.16"]
[Round "12.5"]
[White "Murdzia, Piotr"]
[Black "Medvegy, Zoltan"]
[Result "1/2-1/2"]
[WhiteElo "2449"]
[BlackElo "2536"]
[PlyCount "87"]
[EventDate "2014.??.??"]
[WhiteClock "0:37:31"]
[BlackClock "0:24:07"]

1. e4 c6 2. d4 d5 3. Nc3 dxe4 4. Nxe4 Bf5 5. Ng3 Bg6 6. N1e2 e6 7. Nf4 Bd6 8.
Bc4 Nf6 9. O-O Qc7 10. Nxg6 hxg6 11. a4 Bf4 12. a5 Bxc1 13. Qxc1 c5 14. Bb5+
Ke7 15. dxc5 Qxc5 16. Be2 Nbd7 17. c3 Rac8 18. Rd1 Ne5 19. Qc2 Rhd8 20. Qb3
Rxd1+ 21. Rxd1 Rc7 22. Qa4 a6 23. Ne4 Nxe4 24. Qxe4 Nc6 25. Qd3 Kf8 26. b4 Qe7
27. Qh3 Kg8 28. Qd3 g5 29. g3 g6 30. Kg2 Qf6 31. Qd6 Qe5 32. Qxe5 Nxe5 33. f4
gxf4 34. gxf4 Nd7 35. c4 Kf8 36. c5 Ke7 37. Rd6 Nb8 38. Rb6 Nd7 39. Rd6 Nb8 40.
Rb6 Nd7 41. Rd6 Nb8 42. Rb6 Nd7 43. Rd6 Nb8 44. Rb6 1/2-1/2

[Event "Schachbundesliga 2013/2014"]
[Site "?"]
[Date "2014.03.16"]
[Round "12.6"]
[White "Guliyev, Namig"]
[Black "Grabarczyk, Bogdan"]
[Result "0-1"]
[WhiteElo "2559"]
[BlackElo "2393"]
[PlyCount "94"]
[EventDate "2014.??.??"]
[WhiteClock "0:33:58"]
[BlackClock "0:09:41"]

1. e4 e6 2. d4 d5 3. Nc3 Nf6 4. e5 Nfd7 5. f4 c5 6. Nf3 Nc6 7. Be3 Be7 8. Qd2
O-O 9. Be2 a6 10. O-O b5 11. Nd1 b4 12. dxc5 Nxc5 13. Nd4 Nxd4 14. Bxd4 a5 15.
Qe3 Qc7 16. Nf2 Ba6 17. Bd3 Rfc8 18. Ng4 Nxd3 19. cxd3 Bc5 20. Rf2 h5 21. Nf6+
gxf6 22. Qg3+ Kf8 23. Bxc5+ Qxc5 24. exf6 Ke8 25. f5 Rc6 26. Re1 Kd7 27. d4
Qxd4 28. Qg7 Re8 29. Qxf7+ Kd8 30. Qxh5 Rc2 31. Qf3 Qxf2+ 32. Qxf2 Rxf2 33.
Kxf2 exf5 34. f7 Rf8 35. Re6 Bb7 36. Rb6 Kc7 37. Rf6 Kd7 38. Ke3 Ke7 39. Rxf5
Rxf7 40. Rxf7+ Kxf7 41. h4 Ke6 42. g4 Ke5 43. h5 d4+ 44. Kd2 Bf3 45. h6 Be4 46.
a3 bxa3 47. bxa3 Kf4 0-1

[Event "Schachbundesliga 2013/2014"]
[Site "?"]
[Date "2014.03.16"]
[Round "12.7"]
[White "Walter, Stefan"]
[Black "Ruck, Robert"]
[Result "1/2-1/2"]
[WhiteElo "2343"]
[BlackElo "2571"]
[PlyCount "89"]
[EventDate "2014.??.??"]
[WhiteClock "0:48:36"]
[BlackClock "0:34:41"]

1. d4 Nf6 2. c4 g6 3. Nc3 d5 4. Nf3 Bg7 5. Bg5 Ne4 6. cxd5 Nxg5 7. Nxg5 e6 8.
Qd2 h6 9. Nh3 exd5 10. Qe3+ Kf8 11. Nf4 c5 12. dxc5 d4 13. Qd2 Na6 14. e3 Bf5
15. exd4 Qxd4 16. Bxa6 bxa6 17. Nfd5 Qxc5 18. O-O Kg8 19. Qf4 Kh7 20. Rad1 Rhd8
21. g4 Be6 22. Ne4 Qa5 23. b4 Qxa2 24. Ndf6+ Kh8 25. g5 h5 26. Nd6 Rab8 27.
Rfe1 Rf8 28. Rd4 a5 29. b5 Qb3 30. Re3 Qc2 31. Kg2 Qc7 32. Qe5 Rb6 33. Ree4 a6
34. bxa6 Rxa6 35. Rh4 a4 36. Qe2 Bxf6 37. gxf6 Ra5 38. Ne4 Rf5 39. Qe3 Kh7 40.
Ng5+ Kg8 41. Ne4 Kh7 42. Ng5+ Kg8 43. Ne4 Kh7 44. Ng5+ Kg8 45. Ne4 1/2-1/2

[Event "Schachbundesliga 2013/2014"]
[Site "?"]
[Date "2014.03.16"]
[Round "12.8"]
[White "Noe, Christopher"]
[Black "Nothnagel, Holger"]
[Result "1/2-1/2"]
[WhiteElo "2245"]
[BlackElo "2303"]
[PlyCount "72"]
[EventDate "2014.??.??"]
[WhiteClock "0:11:21"]
[BlackClock "0:23:02"]

1. c4 c5 2. Nf3 Nf6 3. Nc3 Nc6 4. g3 g6 5. Bg2 Bg7 6. O-O O-O 7. d4 cxd4 8.
Nxd4 d5 9. Nxc6 bxc6 10. cxd5 cxd5 11. Be3 Bb7 12. Qb3 Qd7 13. Rfd1 e6 14. Bd4
Qe7 15. Be5 Rfc8 16. Nb5 Ba6 17. Rac1 Bxb5 18. Qxb5 Nd7 19. Rxc8+ Rxc8 20. Qb7
Rc2 21. Bxg7 Kxg7 22. Be4 Rc4 23. Bd3 Rb4 24. Qxa7 Rxb2 25. a4 Qd6 26. Qd4+ Qe5
27. Qxe5+ Nxe5 28. Bb5 Ra2 29. Rd4 Kf6 30. Kg2 Ke7 31. e4 Ng4 32. exd5 Ne3+ 33.
Kf3 Nxd5 34. Rc4 Ra3+ 35. Kg2 Ra2 36. Kf3 Ra3+ 1/2-1/2

[Event "Schachbundesliga 2013/2014"]
[Site "?"]
[Date "2014.03.16"]
[Round "12.1"]
[White "Maze, Sebastien"]
[Black "Graf, Felix"]
[Result "1/2-1/2"]
[WhiteElo "2550"]
[BlackElo "2493"]
[PlyCount "90"]
[EventDate "2014.??.??"]
[WhiteClock "0:07:05"]
[BlackClock "0:29:49"]

1. c4 e6 2. Nf3 b6 3. d4 Bb7 4. e3 Nf6 5. Nc3 Bb4 6. Bd3 O-O 7. O-O c5 8. Na4
cxd4 9. exd4 Be7 10. a3 Bxf3 11. Qxf3 Nc6 12. Be3 d5 13. Rfd1 dxc4 14. Bxc4 Nd5
15. Rac1 Rc8 16. Ba2 Bd6 17. Nc3 Nxc3 18. Rxc3 Ne7 19. Qb7 Rc7 20. Rxc7 Qxc7
21. Qxc7 Bxc7 22. Rc1 Bd6 23. Bb1 Rc8 24. Rxc8+ Nxc8 25. g3 Ne7 26. Kf1 h5 27.
Ke2 Kf8 28. Bd2 Ke8 29. Be4 Nd5 30. Kd3 Kd7 31. f4 f5 32. Bf3 g6 33. a4 a6 34.
Kc4 Kc6 35. Kb3 Be7 36. Be2 Kb7 37. Bc4 Bf6 38. Bc3 Be7 39. Ka2 Nc7 40. Kb1 Kc6
41. Kc2 Kb7 42. Kd3 Kc6 43. Bd2 Bf8 44. Be1 Be7 45. Bd2 Bf8 1/2-1/2

[Event "Schachbundesliga 2013/2014"]
[Site "?"]
[Date "2014.03.16"]
[Round "12.2"]
[White "Belezky, Alexander"]
[Black "Wells, Peter K"]
[Result "1/2-1/2"]
[WhiteElo "2455"]
[BlackElo "2487"]
[PlyCount "43"]
[EventDate "2014.??.??"]
[WhiteClock "0:48:07"]
[BlackClock "0:22:35"]

1. Nf3 d5 2. g3 c6 3. Bg2 Bg4 4. c4 e6 5. O-O Nd7 6. cxd5 cxd5 7. Nc3 Ngf6 8.
d3 Bc5 9. Qb3 Qb6 10. Qxb6 Bxb6 11. h3 Bxf3 12. Bxf3 O-O 13. Bf4 a6 14. Rac1
Bd4 15. e3 Be5 16. Bg5 h6 17. Bxf6 Bxf6 18. d4 Rac8 19. Ne2 Nb6 20. Rxc8 Rxc8
21. Rc1 Rxc1+ 22. Nxc1 1/2-1/2

[Event "Schachbundesliga 2013/2014"]
[Site "?"]
[Date "2014.03.16"]
[Round "12.3"]
[White "Abergel, Thal"]
[Black "Jorczik, Julian"]
[Result "0-1"]
[WhiteElo "2413"]
[BlackElo "2405"]
[PlyCount "134"]
[EventDate "2014.??.??"]
[WhiteClock "0:11:00"]
[BlackClock "0:22:48"]

1. e4 e6 2. d4 d5 3. Nc3 Nf6 4. e5 Nfd7 5. f4 c5 6. Nf3 Nc6 7. Be3 Be7 8. Qd2
O-O 9. dxc5 Bxc5 10. O-O-O Qa5 11. a3 Rb8 12. Bxc5 Nxc5 13. Qe3 Na4 14. Nxa4
Qxa4 15. Bd3 Bd7 16. c3 Rfc8 17. Bc2 Qc4 18. Kb1 a5 19. g4 Ne7 20. Rd4 Qc5 21.
Qd3 g6 22. Qd2 b5 23. f5 Nc6 24. Qh6 Qf8 25. Qxf8+ Rxf8 26. Rf4 h6 27. h4 exf5
28. gxf5 Bxf5 29. Bxf5 gxf5 30. Rg1+ Kh7 31. Rxf5 Rbe8 32. Rd1 Re6 33. h5 Kg7
34. Rg1+ Kh7 35. b4 axb4 36. axb4 f6 37. Nd4 Rxe5 38. Rxe5 Nxe5 39. Nxb5 f5 40.
Nd4 f4 41. Rf1 f3 42. Rf2 Kg8 43. b5 Rf6 44. Kc2 Kf8 45. Kd1 Ke7 46. b6 Kd7 47.
b7 Kc7 48. Rb2 Kb8 49. Rb1 Ng4 50. Ke1 f2+ 51. Ke2 Nh2 52. Nc6+ Rxc6 53. Kxf2
Rxc3 54. Rb6 Ng4+ 55. Kg2 Ne3+ 56. Kf2 d4 57. Rb4 Nf5 58. Rb5 Nd6 59. Rb4 Ne4+
60. Kg2 Rg3+ 61. Kh2 Rd3 62. Rb6 Re3 63. Rxh6 d3 64. Rh8+ Kxb7 65. Rd8 d2 66.
h6 Re2+ 67. Kh3 Re1 0-1

[Event "Schachbundesliga 2013/2014"]
[Site "?"]
[Date "2014.03.16"]
[Round "12.4"]
[White "Renner, Christoph"]
[Black "Libiszewski, Fabien"]
[Result "0-1"]
[WhiteElo "2389"]
[BlackElo "2522"]
[PlyCount "74"]
[EventDate "2014.??.??"]
[WhiteClock "0:02:55"]
[BlackClock "0:01:03"]

1. d4 Nf6 2. Bf4 g6 3. e3 Bg7 4. Nf3 O-O 5. c3 d6 6. Bc4 Nbd7 7. h3 Qe8 8. O-O
e5 9. Bh2 Qe7 10. a4 e4 11. Nfd2 Re8 12. Re1 Nf8 13. Bf1 h5 14. a5 a6 15. b4 g5
16. c4 Ng6 17. Nc3 g4 18. hxg4 hxg4 19. Rc1 Bh6 20. c5 d5 21. c6 bxc6 22. Na4
Qd7 23. Qc2 Nh5 24. Be2 g3 25. Bxh5 gxh2+ 26. Kh1 Qf5 27. Bxg6 fxg6 28. Nf1 Rf8
29. Qxc6 Bd7 30. Ng3 Qf7 31. Qc2 Bxa4 32. Qxa4 Qxf2 33. Kxh2 Bf4 34. exf4 Rxf4
35. Kh3 g5 36. Rxe4 dxe4 37. Qb3+ Kh8 0-1

[Event "Schachbundesliga 2013/2014"]
[Site "?"]
[Date "2014.03.16"]
[Round "12.5"]
[White "Beikert, Guenther"]
[Black "Meister, Peter"]
[Result "1-0"]
[WhiteElo "2422"]
[BlackElo "2399"]
[PlyCount "75"]
[EventDate "2014.??.??"]
[WhiteClock "0:01:14"]
[BlackClock "0:11:09"]

1. g3 g6 2. Bg2 Bg7 3. e4 e5 4. Ne2 Ne7 5. d4 exd4 6. Nxd4 O-O 7. O-O d5 8.
exd5 Nxd5 9. c3 c6 10. Nd2 Re8 11. Ne4 h6 12. h4 Na6 13. Qf3 f5 14. Nd2 Qf6 15.
N2b3 Bd7 16. Bd2 Rad8 17. Rae1 Nb6 18. Rxe8+ Rxe8 19. Qd1 Qf7 20. Re1 Rxe1+ 21.
Qxe1 Nc4 22. Bc1 Kh7 23. Qe2 Ne5 24. Nf3 Nxf3+ 25. Bxf3 Be6 26. Be3 c5 27. Qb5
Bd5 28. Bxd5 Qxd5 29. Nxc5 f4 30. gxf4 Nxc5 31. Qxc5 Qxa2 32. Qe7 Qb1+ 33. Kg2
Qf5 34. Kg3 h5 35. f3 Kg8 36. Qxb7 Bf6 37. Qa8+ Kh7 38. Qxa7+ 1-0

[Event "Schachbundesliga 2013/2014"]
[Site "?"]
[Date "2014.03.16"]
[Round "12.6"]
[White "Zajogin, Alexander"]
[Black "Meinhardt, Maximilian"]
[Result "1-0"]
[WhiteElo "2392"]
[BlackElo "2394"]
[PlyCount "77"]
[EventDate "2014.??.??"]
[WhiteClock "0:01:02"]
[BlackClock "0:04:53"]

1. d4 Nf6 2. c4 g6 3. Nc3 d5 4. Nf3 Bg7 5. e3 O-O 6. Qb3 c6 7. h3 b6 8. Be2 Bb7
9. O-O Nbd7 10. cxd5 cxd5 11. Bd2 Qb8 12. Rfc1 e5 13. dxe5 Nxe5 14. Be1 Nxf3+
15. Bxf3 Qe5 16. Rc2 Rfd8 17. Rd1 Rd7 18. Rcd2 Rad8 19. Qb5 Bf8 20. Ne2 Ne4 21.
Bxe4 Qxe4 22. Rd4 Qe6 23. Bc3 Bc5 24. R4d2 d4 25. Bxd4 Bd6 26. Qg5 Be7 27. Qh6
Bf8 28. Qf4 Bd6 29. Qg4 f5 30. Qg5 Be7 31. Qg3 Bd6 32. Nf4 Qxa2 33. Be5 Bxe5
34. Rxd7 Rxd7 35. Rxd7 Qb1+ 36. Kh2 Qe4 37. Qg5 Bg7 38. Qd8+ Bf8 39. Qf6 1-0

[Event "Schachbundesliga 2013/2014"]
[Site "?"]
[Date "2014.03.16"]
[Round "12.7"]
[White "Mandel, Andreas"]
[Black "Fedorovsky, Michael"]
[Result "1/2-1/2"]
[WhiteElo "2408"]
[BlackElo "2385"]
[PlyCount "92"]
[EventDate "2014.??.??"]
[WhiteClock "0:30:41"]
[BlackClock "0:34:53"]

1. d4 Nf6 2. Nf3 d5 3. c4 e6 4. Bg5 h6 5. Bxf6 Qxf6 6. Nc3 Bb4 7. e3 O-O 8. Rc1
c6 9. Bd3 Nd7 10. O-O Bxc3 11. Rxc3 dxc4 12. Bxc4 e5 13. Bb3 exd4 14. exd4 Nb6
15. Re1 Bg4 16. h3 Bh5 17. Re5 Bg6 18. Qe2 Rad8 19. Re7 Rd7 20. Rce3 Qd6 21.
Rxd7 Nxd7 22. Ne5 Nxe5 23. dxe5 Qd4 24. Rg3 Kh7 25. Bc2 Bxc2 26. Qxc2+ Kg8 27.
Qe2 Rd8 28. Kh2 Qf4 29. e6 Rd2 30. exf7+ Kxf7 31. Qh5+ Kf8 32. Qc5+ Kg8 33.
Qxa7 Rxb2 34. Qa3 Rb5 35. Qc3 Rg5 36. Qb3+ Qf7 37. Rf3 Qxb3 38. axb3 Rb5 39. g4
Rb4 40. Kg3 g5 41. h4 Kg7 42. h5 c5 43. Rd3 b5 44. f3 Rd4 45. Re3 Kf6 46. Re8
c4 1/2-1/2

[Event "Schachbundesliga 2013/2014"]
[Site "?"]
[Date "2014.03.16"]
[Round "12.8"]
[White "Reich, Thomas"]
[Black "Jacob, Volker"]
[Result "1-0"]
[WhiteElo "2386"]
[BlackElo "2276"]
[PlyCount "97"]
[EventDate "2014.??.??"]
[WhiteClock "0:48:28"]
[BlackClock "0:23:33"]

1. d4 Nf6 2. c4 c5 3. d5 e6 4. Nc3 exd5 5. cxd5 d6 6. Nf3 g6 7. Bg5 Bg7 8. e3
h6 9. Bh4 O-O 10. Nd2 Na6 11. Nc4 Nc7 12. a4 b6 13. Be2 Ba6 14. O-O Qd7 15. b3
Nh7 16. Rc1 f5 17. Bg3 Bxc4 18. bxc4 Ng5 19. Bd3 Rae8 20. Qb3 Nf7 21. Rce1 Na6
22. f4 Nb4 23. Bb1 Qd8 24. Re2 h5 25. Nd1 Nh6 26. Be1 a5 27. Bc3 Re7 28. Nf2
Bd4 29. Rfe1 Rfe8 30. Bd2 h4 31. Kf1 Bf6 32. Bc3 Rg7 33. e4 Bd4 34. Qb2 Bxc3
35. Qxc3 fxe4 36. Nxe4 Rf8 37. Kg1 Nf5 38. Ng5 Nd4 39. Re6 Qd7 40. Bxg6 Qxa4
41. Rxd6 Qa2 42. Qe3 Nbc2 43. Qe8 Nxe1 44. Bh7+ Rxh7 45. Rg6+ Rg7 46. Rxg7+
Kxg7 47. Qe7+ Kg6 48. Qh7+ Kf6 49. Ne4# 1-0

[Event "Schachbundesliga 2013/2014"]
[Site "?"]
[Date "2014.03.16"]
[Round "12.2"]
[White "Jussupow, Artur"]
[Black "Pruijssers, Roeland"]
[Result "1/2-1/2"]
[WhiteElo "2587"]
[BlackElo "2529"]
[PlyCount "49"]
[EventDate "2014.??.??"]
[WhiteClock "0:34:00"]
[BlackClock "0:51:00"]

1. d4 f5 2. g3 Nf6 3. Bg2 g6 4. c4 Bg7 5. Nc3 O-O 6. Nf3 d6 7. O-O Qe8 8. Re1
Qf7 9. e4 fxe4 10. Nxe4 Nc6 11. d5 Nxe4 12. Rxe4 Ne5 13. Rf4 Nxf3+ 14. Rxf3 Qe8
15. Rxf8+ Qxf8 16. a4 a5 17. Ra2 Bd7 18. b3 Re8 19. h3 b6 20. Re2 Qf6 21. Bb2
Qf7 22. Bxg7 Kxg7 23. Re3 Qf6 24. h4 e5 25. dxe6 1/2-1/2

[Event "Schachbundesliga 2013/2014"]
[Site "?"]
[Date "2014.03.16"]
[Round "12.3"]
[White "Burg, Twan"]
[Black "Naumann, Alexander"]
[Result "1/2-1/2"]
[WhiteElo "2499"]
[BlackElo "2540"]
[PlyCount "40"]
[EventDate "2014.??.??"]
[WhiteClock "1:33:00"]
[BlackClock "1:12:00"]

1. e4 e5 2. Nf3 Nc6 3. Bb5 Nf6 4. O-O Nxe4 5. d4 Nd6 6. dxe5 Nxb5 7. a4 Nbd4 8.
Nxd4 d6 9. exd6 Nxd4 10. Qxd4 Qxd6 11. Qe3+ Be7 12. Nc3 c6 13. Re1 Be6 14. Ne4
Qe5 15. Ng5 Qxe3 16. Bxe3 Bxg5 17. Bxg5 O-O 18. a5 Rfe8 19. f3 Bf5 20. c3 f6
1/2-1/2

[Event "Schachbundesliga 2013/2014"]
[Site "?"]
[Date "2014.03.16"]
[Round "12.4"]
[White "Andersen, Mads"]
[Black "Hector, Jonny"]
[Result "1/2-1/2"]
[WhiteElo "2476"]
[BlackElo "2503"]
[PlyCount "120"]
[EventDate "2014.??.??"]
[WhiteClock "0:14:51"]
[BlackClock "0:19:41"]

1. Nf3 d5 2. g3 Nc6 3. Bg2 e5 4. d3 f5 5. O-O Nf6 6. c4 dxc4 7. Qa4 Bd6 8. Qxc4
Bd7 9. Nc3 Na5 10. Qh4 O-O 11. Bg5 Qe8 12. Rac1 Rc8 13. b4 Nc6 14. a3 Ne7 15.
Nd2 b5 16. Bxf6 Rxf6 17. Nd5 Rf8 18. Qg5 Ng6 19. Qe3 c6 20. Nc3 a5 21. bxa5
Bxa3 22. Rc2 Qe7 23. Nb3 Be6 24. Rb1 f4 25. Qd2 Bb4 26. Qc1 fxg3 27. fxg3 Qf7
28. Qb2 Bxb3 29. Qxb3 Qxb3 30. Rxb3 Bxa5 31. Na2 Ne7 32. Nb4 Ra8 33. Bxc6 Nxc6
34. Nxc6 Bb6+ 35. Kg2 Rf2+ 36. Kh3 Re8 37. Rxb5 Bc7 38. Rb7 Bd6 39. Rd7 Re6 40.
Rxd6 Rxd6 41. Nxe5 Rh6+ 42. Kg4 Rhxh2 43. Rc8+ Rf8 44. Rxf8+ Kxf8 45. e4 Rd2
46. Kf4 Rf2+ 47. Ke3 Rf1 48. d4 h5 49. Nf3 Ke7 50. e5 Ra1 51. d5 Ra3+ 52. Kf4
Ra4+ 53. Kf5 Rg4 54. d6+ Kd7 55. Ng5 Rxg3 56. e6+ Ke8 57. d7+ Ke7 58. Nf7 Rd3
59. d8=Q+ Rxd8 60. Nxd8 Kxd8 1/2-1/2

[Event "Schachbundesliga 2013/2014"]
[Site "?"]
[Date "2014.03.16"]
[Round "12.5"]
[White "Janssen, Ruud"]
[Black "Hoffmann, Michael"]
[Result "1/2-1/2"]
[WhiteElo "2471"]
[BlackElo "2462"]
[PlyCount "75"]
[EventDate "2014.??.??"]
[WhiteClock "0:05:07"]
[BlackClock "0:02:11"]

1. Nf3 Nf6 2. c4 e6 3. g3 d5 4. Bg2 Be7 5. O-O O-O 6. b3 c5 7. e3 Nc6 8. Bb2 d4
9. exd4 cxd4 10. Re1 Re8 11. a3 a5 12. d3 Rb8 13. Nbd2 b6 14. Ng5 Bb7 15. Bxc6
Bxc6 16. Ndf3 Bxf3 17. Nxf3 Bc5 18. Bc1 Qe7 19. Bg5 Rbc8 20. Re4 h6 21. Bxf6
Qxf6 22. Ne1 e5 23. Nc2 Qc6 24. Qh5 Bd6 25. Rae1 b5 26. f4 a4 27. b4 bxc4 28.
fxe5 cxd3 29. Nxd4 Qd5 30. Nf5 d2 31. Nxh6+ Kf8 32. Rf1 Rc1 33. Ref4 Rxf1+ 34.
Rxf1 gxh6 35. Qxh6+ Kg8 36. Qg5+ Kf8 37. Qh6+ Kg8 38. Qg5+ 1/2-1/2

[Event "Schachbundesliga 2013/2014"]
[Site "?"]
[Date "2014.03.16"]
[Round "12.6"]
[White "Wegerle, Joerg"]
[Black "Zumsande, Martin"]
[Result "1-0"]
[WhiteElo "2438"]
[BlackElo "2431"]
[PlyCount "105"]
[EventDate "2014.??.??"]
[WhiteClock "0:13:01"]
[BlackClock "0:01:21"]

1. c4 e6 2. Nf3 d5 3. d4 Nf6 4. Nc3 Be7 5. Bg5 h6 6. Bxf6 Bxf6 7. e3 O-O 8.
cxd5 exd5 9. Bd3 c5 10. O-O c4 11. Be2 Be6 12. b3 Qa5 13. Rc1 b5 14. e4 dxe4
15. Nxe4 Nd7 16. bxc4 bxc4 17. Bxc4 Bxc4 18. Rxc4 Qxa2 19. Rc7 Qd5 20. Nxf6+
Nxf6 21. Qa4 a6 22. h3 Qb5 23. Qa2 Qd5 24. Qa4 Rfd8 25. Re1 Rd7 26. Rc5 Qb7 27.
Qc2 a5 28. Rb1 Qe4 29. Rc8+ Rd8 30. Rxd8+ Rxd8 31. Qa2 Qd5 32. Qa4 Rc8 33. Ne5
Qe4 34. Rf1 Nd5 35. Qd7 Rc7 36. Qd8+ Kh7 37. Nf3 Rb7 38. Re1 Rb1 39. Qxa5 Nf4
40. Rxb1 Qxb1+ 41. Kh2 Qg6 42. g3 Ne6 43. Qe5 Qd3 44. Kg2 Qa6 45. d5 Nc5 46.
Qc7 Qc4 47. Qxf7 Qe4 48. g4 Nd3 49. Kg3 Qe2 50. Qf5+ Kh8 51. Nh4 Qd1 52. Ng6+
Kg8 53. Ne7+ 1-0

[Event "Schachbundesliga 2013/2014"]
[Site "?"]
[Date "2014.03.16"]
[Round "12.7"]
[White "Kuipers, Stefan"]
[Black "Schaefer, Markus"]
[Result "0-1"]
[WhiteElo "2411"]
[BlackElo "2404"]
[PlyCount "54"]
[EventDate "2014.??.??"]
[WhiteClock "0:18:44"]
[BlackClock "0:16:05"]

1. e4 e6 2. d4 d5 3. Nc3 Nf6 4. e5 Nfd7 5. Nce2 c5 6. c3 Nc6 7. f4 Be7 8. Nf3
O-O 9. h4 f6 10. Rh3 cxd4 11. cxd4 Qb6 12. a3 a5 13. b3 Qc7 14. Ra2 a4 15. b4
Nb6 16. Neg1 f5 17. Bd3 Bd7 18. h5 Na7 19. Bb1 Rac8 20. Ne2 Bb5 21. Rc2 Qd7 22.
Nh2 Bc4 23. g4 Nb5 24. gxf5 exf5 25. Nf1 Bb3 26. Rxb3 axb3 27. Rxc8 Qxc8 0-1

[Event "Schachbundesliga 2013/2014"]
[Site "?"]
[Date "2014.03.16"]
[Round "12.8"]
[White "Hobusch, Jan"]
[Black "Fiebig, Thomas"]
[Result "0-1"]
[WhiteElo "2117"]
[BlackElo "2405"]
[PlyCount "76"]
[EventDate "2014.??.??"]
[WhiteClock "0:01:43"]
[BlackClock "0:14:32"]

1. b3 d5 2. e3 e5 3. Bb2 Nd7 4. d3 c6 5. Nd2 Bd6 6. Ngf3 Ngf6 7. Be2 O-O 8. O-O
Re8 9. e4 Nf8 10. d4 exd4 11. exd5 c5 12. b4 b6 13. Bb5 Bd7 14. Bc6 Bxc6 15.
dxc6 Nd5 16. b5 a6 17. a4 axb5 18. axb5 Nc7 19. Nc4 Nxb5 20. Qd3 Qc7 21. Rfd1
Qxc6 22. Rab1 Bc7 23. Ba1 Nd6 24. Nxd6 Qxd6 25. c3 Qd5 26. Qb5 Red8 27. cxd4
Ra5 28. Qe2 c4 29. Bc3 Ra4 30. Qb2 Ne6 31. Qb5 Ra3 32. Be1 Nf4 33. Qxd5 Rxd5
34. Rb4 b5 35. Rdb1 c3 36. Rxb5 Rxb5 37. Rxb5 c2 38. Bd2 Ra1+ 0-1

[Event "Schachbundesliga 2013/2014"]
[Site "?"]
[Date "2014.03.16"]
[Round "12.1"]
[White "Romanov, Evgeny"]
[Black "Erdos, Viktor"]
[Result "1/2-1/2"]
[WhiteElo "2654"]
[BlackElo "2661"]
[PlyCount "47"]
[EventDate "2014.??.??"]
[WhiteClock "0:26:00"]
[BlackClock "0:36:00"]

1. c4 c5 2. Nf3 Nc6 3. d4 cxd4 4. Nxd4 Nf6 5. Nc3 e6 6. Bf4 d5 7. cxd5 Nxd5 8.
Nxc6 bxc6 9. Bd2 Bb4 10. Qa4 Qb6 11. a3 Bxc3 12. bxc3 Qb2 13. Rc1 O-O 14. e4
Nf6 15. Bd3 Rd8 16. Bc2 Rb8 17. e5 Rb5 18. O-O Rxd2 19. exf6 gxf6 20. Qe4 Rf5
21. Qg4+ Rg5 22. Qe4 Rf5 23. Qg4+ Rg5 24. Qe4 1/2-1/2

[Event "Schachbundesliga 2013/2014"]
[Site "?"]
[Date "2014.03.16"]
[Round "12.3"]
[White "Fier, Alexandr"]
[Black "Cyborowski, Lukasz"]
[Result "1-0"]
[WhiteElo "2572"]
[BlackElo "2526"]
[PlyCount "141"]
[EventDate "2014.??.??"]
[WhiteClock "0:34:00"]
[BlackClock "0:12:01"]

1. e4 d6 2. d4 Nf6 3. Nc3 e5 4. Nf3 Nbd7 5. Bc4 Be7 6. O-O O-O 7. Re1 c6 8. a4
b6 9. Ba2 a6 10. dxe5 dxe5 11. Nh4 Nc5 12. Qf3 a5 13. Nf5 Bxf5 14. Qxf5 Qc7 15.
Be3 Rad8 16. Rad1 Rxd1 17. Rxd1 Rd8 18. Re1 Re8 19. h3 Bf8 20. Bg5 Be7 21. Qf3
Rf8 22. Qe2 Rd8 23. Be3 Bf8 24. Bc4 Ncd7 25. Bg5 Be7 26. g3 Nc5 27. Be3 Ncd7
28. Nb1 Nc5 29. Nd2 Bf8 30. b3 Be7 31. Kg2 Rf8 32. Qf3 Qb8 33. Bg5 Qc7 34. h4
Ne8 35. Be3 Nd7 36. Bd3 Bc5 37. Bg5 f6 38. Be3 Bxe3 39. Qxe3 Nd6 40. h5 Nc5 41.
h6 g6 42. f4 Nxd3 43. cxd3 Nf7 44. fxe5 Nxe5 45. Nc4 c5 46. Rf1 Nxc4 47. bxc4
Qd6 48. Qf3 Rf7 49. Rf2 Kf8 50. e5 Qxe5 51. Re2 Qb8 52. Qc6 Qd8 53. Re6 f5 54.
Kh3 g5 55. Kg2 f4 56. Qe4 f3+ 57. Kh2 Rf6 58. Qxh7 Rxe6 59. Qg7+ Ke8 60. h7
Re2+ 61. Kh3 g4+ 62. Kxg4 Qc8+ 63. Kxf3 Qc6+ 64. Kxe2 Qg2+ 65. Ke3 Qg1+ 66. Kf4
Qf2+ 67. Kg4 Qe2+ 68. Kg5 Qd2+ 69. Kg6 Qxd3+ 70. Kh6 Qd2+ 71. Qg5 1-0

[Event "Schachbundesliga 2013/2014"]
[Site "?"]
[Date "2014.03.16"]
[Round "12.4"]
[White "Haslinger, Stewart G"]
[Black "Firman, Nazar"]
[Result "1/2-1/2"]
[WhiteElo "2543"]
[BlackElo "2526"]
[PlyCount "69"]
[EventDate "2014.??.??"]
[WhiteClock "0:03:22"]
[BlackClock "0:03:15"]

1. e4 c5 2. Nf3 e6 3. d4 cxd4 4. Nxd4 Nc6 5. Nc3 d6 6. Be3 Nf6 7. f4 Be7 8. Qf3
e5 9. Nxc6 bxc6 10. f5 Rb8 11. O-O-O Qa5 12. Bc4 O-O 13. Bb3 Rxb3 14. cxb3 d5
15. exd5 cxd5 16. Rxd5 Nxd5 17. Nxd5 Bh4 18. Rd1 Qxa2 19. f6 Be6 20. Ne7+ Kh8
21. fxg7+ Kxg7 22. Nf5+ Bxf5 23. Qxf5 Qxb3 24. Qg4+ Kh8 25. Bh6 Rg8 26. Qxh4
Rc8+ 27. Kd2 Qxb2+ 28. Ke1 Qb6 29. Bg7+ Kg8 30. Qg4 f5 31. Qg5 Qg1+ 32. Ke2
Rc2+ 33. Rd2 Rxd2+ 34. Kxd2 Qf2+ 35. Kd1 1/2-1/2